|
|
|
|
| LEADER |
00000nab a2200000 a 4500 |
| 001 |
vtls000497101 |
| 003 |
SK-MaSNL |
| 005 |
20260303185524.0 |
| 008 |
230120c1993 xo 0 slo |
| 015 |
|
|
|a SNBRB19rr/mm-uuuuu
|
| 035 |
|
|
|a CL0497239
|
| 035 |
|
|
|a urn:nbn:sk:snk-abcb8
|
| 035 |
|
|
|a (urnnbn)urn:nbn:sk:snk:ar-0037h4
|
| 035 |
|
|
|a (uuid)5fa6a3cf-3a48-4248-b6f9-2e863edc9eff
|
| 040 |
|
|
|a SNKBUCL
|b slo
|c SNKBUCL
|e AACR2
|
| 041 |
0 |
|
|a slo
|
| 044 |
|
|
|a xo
|c SK
|
| 080 |
|
|
|a 347.962:061.2(437.6)
|2 1981
|
| 100 |
1 |
|
|a Brunovská, Annamária
|4 aut
|9 1216832
|
| 245 |
1 |
0 |
|a Iniciatívy Združenia sudcov Slovenska v otázke sudcovskej nezávislosti
|c Annamária Brunovská
|
| 610 |
2 |
7 |
|a Združenie sudcov Slovenska
|2 snkbucl
|9 30395
|
| 650 |
0 |
7 |
|a súdnictvo
|2 snkbucl
|9 2632
|
| 650 |
0 |
7 |
|a nezávislosť sudcovská
|2 snkbucl
|9 759011
|
| 655 |
|
7 |
|a články z novín a časopisov
|2 snkbucl
|9 267496
|
| 773 |
0 |
|
|t Justičná revue
|g Roč. 45, č. 5 (1993), s. 63-64
|
| 850 |
|
|
|a Slovenská národná knižnica v Martine
|a MTA001
|
| 852 |
|
|
|a SNK
|b KIS3GCP
|
| 954 |
|
|
|a odborná, vedecká literatúra pôvodná (slovenská)
|2 lita
|
| 958 |
|
|
|a OND
|
| 958 |
|
|
|a RK
|
| 958 |
|
|
|a EUIPO
|
| 958 |
|
|
|a article27
|
| 992 |
|
|
|a RBX
|
| 999 |
|
|
|c 2131721
|d 2133651
|